[Event "Portugal Open Semirrapidas"]
[Site "Lisboa POR"]
[Date "2020.02.02"]
[Round "1.13"]
[White "LÖFFNER, Stefan"]
[Black "MORAIS, Mário"]
[Result "1-0"]
[BlackElo "1744"]
[WhiteElo "2411"]
[LiveChessVersion "1.4.8"]

1. e4 {[%clk 0:15:08]} d6 {[%clk 0:15:08]} 2. d4 {[%clk 0:15:11]} Nf6
{[%clk 0:15:08]} 3. f3 {[%clk 0:15:15]} a6 {[%clk 0:14:05]} 4. c4
{[%clk 0:14:56]} Nbd7 {[%clk 0:13:51]} 5. Nc3 {[%clk 0:14:45]} e5
{[%clk 0:13:53]} 6. Be3 {[%clk 0:13:58]} Be7 {[%clk 0:13:24]} 7. Nh3
{[%clk 0:13:06]} exd4 {[%clk 0:13:13]} 8. Qxd4 {[%clk 0:13:07]} Ne5
{[%clk 0:13:08]} 9. Nf2 {[%clk 0:13:08]} Be6 {[%clk 0:11:44]} 10. b3
{[%clk 0:12:49]} Nc6 {[%clk 0:10:54]} 11. Qd2 {[%clk 0:12:49]} a5
{[%clk 0:09:54]} 12. Be2 {[%clk 0:12:46]} Nd7 {[%clk 0:09:38]} 13. Nd5
{[%clk 0:12:15]} a4 {[%clk 0:08:27]} 14. b4 {[%clk 0:12:09]} Bxd5
{[%clk 0:07:19]} 15. cxd5 {[%clk 0:12:11]} Nce5 {[%clk 0:07:18]} 16. f4
{[%clk 0:11:13]} Ng6 17. g3 {[%clk 0:11:00]} Bf6 {[%clk 0:06:53]} 18. Rc1
{[%clk 0:11:00]} h5 {[%clk 0:06:25]} 19. Qc2 {[%clk 0:10:12]} h4 {[%clk 0:03:33]}
20. Qxc7 {[%clk 0:09:58]} hxg3 {[%clk 0:03:26]} 21. hxg3 {[%clk 0:10:01]} Rxh1+
{[%clk 0:03:29]} 22. Nxh1 {[%clk 0:10:04]} Bb2 {[%clk 0:03:23]} 23. Rc2
{[%clk 0:09:51]} a3 {[%clk 0:03:10]} 24. Bb5 {[%clk 0:09:31]} Ngf8
{[%clk 0:02:49]} 25. Qxd6 {[%clk 0:09:14]} Qf6 {[%clk 0:02:29]} 26. Qxf6
{[%clk 0:09:08]} Bxf6 {[%clk 0:02:31]} 27. e5 {[%clk 0:09:11]} Bd8
{[%clk 0:02:31]} 28. f5 {[%clk 0:09:07]} Ke7 {[%clk 0:01:58]} 29. Bc5+
{[%clk 0:09:10]} Nxc5 {[%clk 0:02:00]} 30. d6# {[%clk 0:09:13]} 1-0

[Event "Portugal Open Semirrapidas"]
[Site "Lisboa POR"]
[Date "2020.02.02"]
[Round "1.14"]
[White "ALEIXO, Pedro"]
[Black "TABOAS RODRIGUEZ, Daniel"]
[Result "0-1"]
[BlackElo "2411"]
[WhiteElo "1739"]
[LiveChessVersion "1.4.8"]

1. e4 {[%clk 0:11:45]} e6 {[%clk 0:15:09]} 2. d4 {[%clk 0:11:41]} d5
{[%clk 0:15:13]} 3. Bd3 {[%clk 0:11:43]} dxe4 {[%clk 0:15:16]} 4. Bxe4
{[%clk 0:11:46]} Nf6 {[%clk 0:15:20]} 5. Qd3 {[%clk 0:11:24]} c5 {[%clk 0:14:58]}
6. Nf3 {[%clk 0:11:06]} Nxe4 {[%clk 0:14:53]} 7. Qxe4 {[%clk 0:11:09]} Nc6
{[%clk 0:14:57]} 8. Be3 {[%clk 0:10:48]} Qb6 {[%clk 0:14:00]} 9. d5
{[%clk 0:09:06]} Qb4+ {[%clk 0:12:26]} 10. Nc3 {[%clk 0:08:14]} Qxe4
{[%clk 0:12:21]} 11. Nxe4 {[%clk 0:08:17]} exd5 {[%clk 0:12:24]} 12. Ng3
{[%clk 0:06:08]} Be6 {[%clk 0:12:18]} 13. c3 {[%clk 0:05:44]} O-O-O
{[%clk 0:12:14]} 14. O-O {[%clk 0:05:39]} h6 {[%clk 0:12:09]} 15. Ne2
{[%clk 0:05:22]} Bd6 {[%clk 0:12:10]} 16. h3 {[%clk 0:05:09]} g5 {[%clk 0:12:06]}
17. Nh2 {[%clk 0:04:03]} b6 {[%clk 0:12:02]} 18. f4 {[%clk 0:03:59]} f6
{[%clk 0:11:31]} 19. f5 {[%clk 0:03:59]} Bf7 {[%clk 0:11:27]} 20. Ng4
{[%clk 0:03:50]} Be5 {[%clk 0:11:30]} 21. a3 {[%clk 0:02:50]} h5 {[%clk 0:11:27]}
22. Nxe5 {[%clk 0:02:52]} Nxe5 {[%clk 0:11:31]} 23. b4 {[%clk 0:02:44]} Rhe8
{[%clk 0:11:11]} 24. bxc5 {[%clk 0:02:03]} Nc4 {[%clk 0:10:55]} 25. cxb6
{[%clk 0:00:40]} axb6 {[%clk 0:10:47]} 26. Bd4 {[%clk 0:00:35]} Rxe2
{[%clk 0:10:46]} 27. Bxf6 {[%clk 0:00:37]} Rg8 {[%clk 0:10:42]} 28. Bd4
{[%clk 0:00:34]} g4 {[%clk 0:10:40]} 0-1

[Event "Portugal Open Semirrapidas"]
[Site "Lisboa POR"]
[Date "2020.02.02"]
[Round "1.15"]
[White "SABUK, Piotr"]
[Black "GOMES, José Luis"]
[Result "1-0"]
[BlackElo "1736"]
[WhiteElo "2398"]
[LiveChessVersion "1.4.8"]

1. e4 b6 2. d4 Bb7 3. Nc3 e6 4. Nf3 Bb4 5. Bd3 Nf6 6. Qe2 d5 7. e5 Ne4 8. Bd2
Nxd2 9. Nxd2 h6 10. Qg4 Qg5 11. Qg3 Qxg3 12. hxg3 Nd7 13. a3 Be7 14. Ne2 c5 15.
c3 O-O 16. f4 f5 17. Nf3 cxd4 18. Nexd4 Nc5 19. Ke2 Kf7 20. Rad1 Rac8 21. Bc2
Ba6+ 22. Ke3 Ne4 23. Bxe4 fxe4 24. Nd2 Bc5 25. Nf1 Bd3 26. Nd2 Ke7 27. N2b3 Bc4
28. Nd2 Ba6 29. Nf1 Kd7 30. Kd2 Bxd4 31. cxd4 Rc4 32. Ke3 Rfc8 33. Nd2 Rc2 34.
Rb1 Bd3 35. g4 Rxd2 36. Kxd2 Rc2+ 37. Kd1 Rxg2 38. Rc1 Rxb2 39. f5 e3 40. f6 gxf6
41. exf6 Ke8 42. Rxh6 Bc4 43. Rxc4 dxc4 44. g5 c3 45. g6 e2+ 46. Ke1 c2 47. Rh8+
Kd7 48. Rh7+ Kd6 1-0

[Event "Portugal Open Semirrapidas"]
[Site "Lisboa POR"]
[Date "2020.02.02"]
[Round "1.16"]
[White "CHAVEZ DULCE, Angie"]
[Black "MARTÍN DUQUE, Jesús"]
[Result "0-1"]
[BlackElo "2384"]
[WhiteElo "1735"]
[LiveChessVersion "1.4.8"]

1. e4 {[%clk 0:15:08]} c5 {[%clk 0:15:09]} 2. Nc3 {[%clk 0:15:07]} Nc6
{[%clk 0:15:13]} 3. g3 {[%clk 0:15:10]} g6 {[%clk 0:15:14]} 4. f4
{[%clk 0:15:11]} d6 {[%clk 0:15:11]} 5. Bg2 {[%clk 0:15:10]} Bg7 {[%clk 0:15:15]}
6. Nf3 {[%clk 0:15:00]} Bg4 {[%clk 0:15:14]} 7. O-O {[%clk 0:14:56]} Nf6
{[%clk 0:15:17]} 8. d3 {[%clk 0:14:51]} O-O {[%clk 0:15:10]} 9. Be3
{[%clk 0:14:44]} Nd4 {[%clk 0:14:51]} 10. h3 {[%clk 0:14:12]} Nxf3+
{[%clk 0:14:52]} 11. Bxf3 {[%clk 0:14:06]} Bxh3 {[%clk 0:14:55]} 12. Re1
{[%clk 0:14:08]} Qd7 {[%clk 0:14:07]} 13. d4 {[%clk 0:13:51]} cxd4
{[%clk 0:13:28]} 14. Bxd4 {[%clk 0:13:52]} Rfd8 {[%clk 0:13:21]} 15. Bxf6
{[%clk 0:11:35]} Bxf6 {[%clk 0:13:20]} 16. Kh2 {[%clk 0:09:54]} Be6
{[%clk 0:13:18]} 17. Rh1 {[%clk 0:07:49]} Rac8 {[%clk 0:13:06]} 18. Qd2
{[%clk 0:07:42]} Qc7 {[%clk 0:12:59]} 19. Bd1 {[%clk 0:04:50]} Bxc3
{[%clk 0:12:58]} 20. bxc3 {[%clk 0:04:53]} Qxc3 {[%clk 0:13:01]} 21. Qc1
{[%clk 0:04:48]} Qd4 {[%clk 0:12:38]} 22. Rf1 {[%clk 0:03:30]} Qxe4
{[%clk 0:12:34]} 23. Rb1 {[%clk 0:02:54]} Qf5 {[%clk 0:11:53]} 24. g4
{[%clk 0:02:46]} Qf6 {[%clk 0:11:56]} 0-1

[Event "Portugal Open Semirrapidas"]
[Site "Lisboa POR"]
[Date "2020.02.02"]
[Round "1.19"]
[White "FERNANDES, António"]
[Black "RAMOS, Nuno"]
[Result "1-0"]
[BlackElo "1723"]
[WhiteElo "2358"]
[LiveChessVersion "1.4.8"]

1. d4 {[%clk 0:07:17]} d5 {[%clk 0:14:54]} 2. c4 {[%clk 0:07:20]} Nf6
{[%clk 0:14:32]} 3. cxd5 {[%clk 0:07:21]} Nxd5 {[%clk 0:14:06]} 4. e4
{[%clk 0:07:24]} Nf6 {[%clk 0:13:26]} 5. Nc3 {[%clk 0:07:25]} Nc6
{[%clk 0:12:34]} 6. d5 {[%clk 0:07:28]} Ne5 {[%clk 0:12:32]} 7. f4
{[%clk 0:07:21]} Bg4 {[%clk 0:12:05]} 8. Qd4 {[%clk 0:07:07]} Ned7
{[%clk 0:08:51]} 9. h3 {[%clk 0:06:49]} Bh5 {[%clk 0:08:32]} 10. e5
{[%clk 0:06:52]} Ng8 {[%clk 0:08:06]} 11. g4 {[%clk 0:06:55]} e6 12. gxh5
{[%clk 0:06:49]} Bc5 {[%clk 0:06:32]} 13. Qe4 {[%clk 0:06:40]} Qh4+
{[%clk 0:06:35]} 14. Kd1 {[%clk 0:06:40]} O-O-O {[%clk 0:06:01]} 15. Nf3
{[%clk 0:06:35]} Qxh5 {[%clk 0:05:44]} 16. Kc2 {[%clk 0:06:26]} exd5
{[%clk 0:04:10]} 17. Nxd5 {[%clk 0:06:18]} f5 {[%clk 0:03:27]} 18. Qe2
{[%clk 0:06:12]} Nxe5 {[%clk 0:03:11]} 19. Nxe5 {[%clk 0:06:15]} Rxd5
{[%clk 0:03:15]} 20. Qxh5 {[%clk 0:06:18]} 1-0

[Event "Portugal Open Semirrapidas"]
[Site "Lisboa POR"]
[Date "2020.02.02"]
[Round "1.21"]
[White "LEKIĆ, Dušan"]
[Black "SILVA, Tiago"]
[Result "1-0"]
[BlackElo "1710"]
[WhiteElo "2357"]
[LiveChessVersion "1.4.8"]

1. d4 {[%clk 0:15:08]} Nf6 {[%clk 0:15:09]} 2. c4 {[%clk 0:15:09]} e6
{[%clk 0:15:13]} 3. Nf3 {[%clk 0:15:12]} d5 {[%clk 0:15:17]} 4. g3
{[%clk 0:15:11]} Be7 {[%clk 0:15:21]} 5. Bg2 {[%clk 0:15:14]} O-O
{[%clk 0:15:25]} 6. O-O {[%clk 0:15:16]} dxc4 {[%clk 0:15:29]} 7. Qc2
{[%clk 0:15:18]} a6 {[%clk 0:15:33]} 8. a4 {[%clk 0:15:19]} Bd7 {[%clk 0:15:36]}
9. Qxc4 {[%clk 0:15:17]} Bc6 {[%clk 0:15:39]} 10. Bg5 {[%clk 0:15:12]} Bd5
{[%clk 0:15:01]} 11. Qc2 {[%clk 0:15:12]} Be4 {[%clk 0:15:01]} 12. Qc1
{[%clk 0:15:00]} h6 {[%clk 0:14:34]} 13. Bxf6 {[%clk 0:14:55]} Bxf6
{[%clk 0:14:35]} 14. Nbd2 {[%clk 0:14:55]} Bc6 {[%clk 0:14:22]} 15. Rd1
{[%clk 0:13:25]} a5 {[%clk 0:13:52]} 16. Nc4 {[%clk 0:12:57]} Bd5
{[%clk 0:12:55]} 17. Qc2 {[%clk 0:09:51]} Nc6 {[%clk 0:12:27]} 18. e4
{[%clk 0:09:50]} Nb4 {[%clk 0:12:29]} 19. Qe2 {[%clk 0:09:54]} Bxc4
{[%clk 0:11:50]} 20. Qxc4 {[%clk 0:09:57]} c6 {[%clk 0:11:53]} 21. h4
{[%clk 0:09:42]} Rc8 {[%clk 0:11:36]} 22. h5 {[%clk 0:09:20]} Qb6
{[%clk 0:09:55]} 23. Rd2 {[%clk 0:08:21]} Rfd8 {[%clk 0:09:26]} 24. Rad1
{[%clk 0:08:24]} Rc7 {[%clk 0:06:43]} 25. Bh3 {[%clk 0:08:14]} Rcd7
{[%clk 0:04:13]} 26. b3 {[%clk 0:07:52]} Qa6 {[%clk 0:03:49]} 27. Qc3
{[%clk 0:06:40]} Qb6 {[%clk 0:03:32]} 28. Qe3 {[%clk 0:06:36]} Na6
{[%clk 0:02:15]} 29. g4 {[%clk 0:06:30]} c5 {[%clk 0:01:21]} 30. d5
{[%clk 0:04:04]} exd5 {[%clk 0:01:12]} 31. exd5 {[%clk 0:03:49]} Re7
{[%clk 0:01:17]} 32. Qd3 {[%clk 0:02:31]} Nb4 {[%clk 0:01:06]} 33. Qf5
{[%clk 0:02:32]} Qd6 {[%clk 0:00:54]} 34. Bf1 {[%clk 0:02:21]} Qd7
{[%clk 0:00:49]} 35. Qxd7 {[%clk 0:01:44]} Rdxd7 {[%clk 0:00:53]} 36. d6
{[%clk 0:01:22]} Re4 {[%clk 0:00:49]} 37. Nh2 {[%clk 0:01:19]} Be5
{[%clk 0:00:50]} 38. Bb5 {[%clk 0:01:11]} Rd8 {[%clk 0:00:54]} 39. f3
{[%clk 0:01:00]} Rd4 {[%clk 0:00:56]} 40. d7 {[%clk 0:01:01]} Rxd2
{[%clk 0:00:59]} 41. Rxd2 {[%clk 0:01:05]} Bd4+ {[%clk 0:01:03]} 42. Kg2
{[%clk 0:01:05]} Nd5 {[%clk 0:01:07]} 43. Kg3 {[%clk 0:00:48]} Be5+
{[%clk 0:01:07]} 44. Kg2 {[%clk 0:00:50]} Nf4+ {[%clk 0:01:07]} 45. Kh1
{[%clk 0:00:42]} Bd4 {[%clk 0:01:09]} 46. Nf1 {[%clk 0:00:43]} Bc3
{[%clk 0:00:44]} 47. Rd1 {[%clk 0:00:44]} Bd4 {[%clk 0:00:48]} 48. Ng3
{[%clk 0:00:48]} Nd5 {[%clk 0:00:35]} 49. Nf5 {[%clk 0:00:52]} f6
{[%clk 0:00:23]} 50. Re1 {[%clk 0:00:53]} Be5 {[%clk 0:00:25]} 51. Bc4
{[%clk 0:00:50]} 1-0

[Event "Portugal Open Semirrapidas"]
[Site "Lisboa POR"]
[Date "2020.02.02"]
[Round "1.22"]
[White "GORGOJO FREIJO, Diego"]
[Black "SAVANOVIĆ, Aleksandar"]
[Result "0-1"]
[BlackElo "2346"]
[WhiteElo "1705"]
[LiveChessVersion "1.4.8"]

1. e4 {[%clk 0:15:05]} e5 {[%clk 0:15:08]} 2. Nf3 {[%clk 0:15:06]} Nc6
{[%clk 0:15:11]} 3. Bb5 {[%clk 0:15:07]} a6 {[%clk 0:15:14]} 4. Ba4
{[%clk 0:15:07]} Nf6 {[%clk 0:15:17]} 5. Qe2 {[%clk 0:15:00]} d6 {[%clk 0:15:18]}
6. h3 {[%clk 0:15:00]} b5 {[%clk 0:15:19]} 7. Bb3 {[%clk 0:14:54]} Na5
{[%clk 0:15:22]} 8. d3 {[%clk 0:13:34]} Be7 {[%clk 0:15:19]} 9. c3
{[%clk 0:11:12]} Nxb3 {[%clk 0:15:21]} 10. axb3 {[%clk 0:11:15]} O-O
{[%clk 0:15:21]} 11. g4 {[%clk 0:10:10]} Bb7 {[%clk 0:14:53]} 12. Bg5
{[%clk 0:09:03]} Nd7 {[%clk 0:14:05]} 13. h4 {[%clk 0:07:28]} Nc5
{[%clk 0:13:59]} 14. Nbd2 {[%clk 0:07:01]} Re8 {[%clk 0:11:15]} 15. Be3
{[%clk 0:06:11]} d5 {[%clk 0:10:51]} 16. Bxc5 {[%clk 0:05:20]} Bxc5
{[%clk 0:10:53]} 17. b4 {[%clk 0:05:00]} Bf8 {[%clk 0:10:55]} 18. Nb3
{[%clk 0:04:58]} Qf6 {[%clk 0:08:29]} 19. Qe3 {[%clk 0:04:15]} Rad8
{[%clk 0:08:11]} 20. O-O-O {[%clk 0:03:39]} Qe6 {[%clk 0:06:32]} 21. Ng5
{[%clk 0:03:41]} Qe7 {[%clk 0:06:06]} 22. Nc5 {[%clk 0:03:36]} Bc8
{[%clk 0:06:04]} 23. Qf3 {[%clk 0:02:35]} d4 {[%clk 0:05:53]} 24. Kc2
{[%clk 0:02:01]} f6 {[%clk 0:04:49]} 25. Nh3 {[%clk 0:01:34]} dxc3
{[%clk 0:04:33]} 26. bxc3 {[%clk 0:01:36]} Qf7 {[%clk 0:04:37]} 27. Ra1
{[%clk 0:01:33]} Bxc5 {[%clk 0:04:34]} 28. bxc5 {[%clk 0:01:37]} Qe7
{[%clk 0:04:30]} 29. Qe3 {[%clk 0:01:17]} Bxg4 {[%clk 0:03:33]} 30. Rxa6
{[%clk 0:01:03]} b4 {[%clk 0:03:21]} 31. cxb4 {[%clk 0:00:51]} Rd4
{[%clk 0:03:25]} 32. Rb1 {[%clk 0:00:28]} Red8 {[%clk 0:03:26]} 33. Ra3
{[%clk 0:00:25]} Bd7 {[%clk 0:03:07]} 34. Ng1 {[%clk 0:00:23]} Bb5
{[%clk 0:03:11]} 35. Ne2 {[%clk 0:00:21]} Rxd3 {[%clk 0:02:59]} 36. Rxd3
{[%clk 0:00:24]} Bxd3+ {[%clk 0:03:00]} 37. Qxd3 {[%clk 0:00:16]} Rxd3
{[%clk 0:03:03]} 38. Kxd3 {[%clk 0:00:20]} Qd7+ {[%clk 0:03:07]} 39. Ke3
{[%clk 0:00:08]} c6 {[%clk 0:02:57]} 40. f3 {[%clk 0:00:11]} h5 {[%clk 0:02:48]}
41. Rb2 {[%clk 0:00:10]} Qa7 {[%clk 0:02:47]} 42. Kd2 {[%clk 0:00:08]} Qa3
{[%clk 0:02:48]} 43. Rb1 {[%clk 0:00:08]} Kf7 {[%clk 0:02:38]} 44. Nc3
{[%clk 0:00:08]} g5 {[%clk 0:02:28]} 45. Kd3 {[%clk 0:00:06]} gxh4
{[%clk 0:02:29]} 46. Kc4 0-1

[Event "Portugal Open Semirrapidas"]
[Site "Lisboa POR"]
[Date "2020.02.02"]
[Round "1.23"]
[White "GOLUCH, Piotr"]
[Black "ALVES, Luís"]
[Result "1-0"]
[BlackElo "1696"]
[WhiteElo "2341"]
[LiveChessVersion "1.4.8"]

1. d4 {[%clk 0:15:06]} Nf6 {[%clk 0:15:09]} 2. Nf3 {[%clk 0:15:06]} g6
{[%clk 0:15:12]} 3. g3 {[%clk 0:15:08]} Bg7 {[%clk 0:15:15]} 4. Bg2
{[%clk 0:15:11]} c6 {[%clk 0:15:14]} 5. O-O {[%clk 0:15:06]} d5 {[%clk 0:15:15]}
6. c4 {[%clk 0:14:21]} O-O {[%clk 0:15:16]} 7. Nc3 {[%clk 0:13:57]} Na6
{[%clk 0:15:19]} 8. Ne5 {[%clk 0:13:12]} Nc7 {[%clk 0:15:15]} 9. Qb3
{[%clk 0:11:59]} h6 {[%clk 0:14:41]} 10. Rd1 {[%clk 0:11:49]} e6 {[%clk 0:14:44]}
11. h4 {[%clk 0:11:42]} a5 {[%clk 0:14:06]} 12. Bf4 {[%clk 0:11:32]} dxc4
{[%clk 0:14:00]} 13. Nxc4 {[%clk 0:11:23]} a4 {[%clk 0:14:01]} 14. Qc2
{[%clk 0:11:18]} Ncd5 {[%clk 0:14:05]} 15. Be5 {[%clk 0:11:03]} b6
{[%clk 0:11:51]} 16. Nd2 {[%clk 0:10:38]} Nb4 {[%clk 0:11:40]} 17. Qc1
{[%clk 0:10:28]} Bd7 {[%clk 0:10:40]} 18. Bd6 {[%clk 0:10:11]} Nbd5
{[%clk 0:10:23]} 19. Bxf8 {[%clk 0:10:08]} Bxf8 {[%clk 0:10:26]} 20. Nde4
{[%clk 0:10:00]} Ne8 {[%clk 0:10:19]} 21. Nxd5 {[%clk 0:09:41]} cxd5
{[%clk 0:10:22]} 22. Nc3 {[%clk 0:09:44]} Rc8 {[%clk 0:10:20]} 23. Qd2
{[%clk 0:09:09]} Nd6 {[%clk 0:10:14]} 24. e3 {[%clk 0:09:12]} Nc4
{[%clk 0:10:13]} 25. Qe2 {[%clk 0:09:16]} b5 {[%clk 0:10:13]} 26. Rdc1
{[%clk 0:08:58]} b4 {[%clk 0:09:53]} 27. Nd1 {[%clk 0:09:02]} Bb5
{[%clk 0:09:46]} 28. Qe1 {[%clk 0:09:05]} b3 {[%clk 0:08:58]} 29. axb3
{[%clk 0:09:08]} axb3 {[%clk 0:09:02]} 30. Bf1 {[%clk 0:08:04]} g5
{[%clk 0:08:54]} 31. hxg5 {[%clk 0:08:04]} Qxg5 {[%clk 0:08:54]} 32. Nc3
{[%clk 0:07:53]} Bc6 {[%clk 0:08:18]} 33. Qe2 {[%clk 0:07:54]} h5
{[%clk 0:08:13]} 34. Ra7 {[%clk 0:06:49]} Bd6 {[%clk 0:08:15]} 35. Qf3
{[%clk 0:06:50]} Nd2 {[%clk 0:08:11]} 36. Qxf7+ {[%clk 0:06:53]} Nc4 37. Qf3 Rf8
1-0

[Event "Portugal Open Semirrapidas"]
[Site "Lisboa POR"]
[Date "2020.02.02"]
[Round "1.26"]
[White "SANTOS, Rúben"]
[Black "BUTKIEWICZ, Łukasz"]
[Result "0-1"]
[BlackElo "2294"]
[WhiteElo "1677"]
[LiveChessVersion "1.4.8"]

1. a3 {[%clk 0:15:09]} g6 {[%clk 0:15:08]} 2. d4 {[%clk 0:15:12]} Bg7
{[%clk 0:15:08]} 3. Bf4 {[%clk 0:15:15]} b6 {[%clk 0:15:07]} 4. Nf3
{[%clk 0:15:18]} Bb7 {[%clk 0:15:11]} 5. e3 {[%clk 0:15:21]} Nf6 {[%clk 0:15:07]}
6. Bc4 {[%clk 0:15:22]} O-O {[%clk 0:15:07]} 7. O-O {[%clk 0:15:24]} d6
{[%clk 0:15:09]} 8. Nbd2 {[%clk 0:14:56]} Nbd7 {[%clk 0:15:12]} 9. Re1
{[%clk 0:14:48]} Qe8 {[%clk 0:14:58]} 10. Nf1 {[%clk 0:14:30]} e5
{[%clk 0:15:01]} 11. dxe5 {[%clk 0:14:14]} dxe5 {[%clk 0:15:04]} 12. Bg5
{[%clk 0:13:57]} Nc5 {[%clk 0:14:50]} 13. Qe2 {[%clk 0:13:08]} e4
{[%clk 0:13:55]} 14. Nd4 {[%clk 0:13:02]} Nfd7 {[%clk 0:13:50]} 15. Rad1
{[%clk 0:12:21]} a6 {[%clk 0:13:52]} 16. b4 {[%clk 0:11:56]} Na4 {[%clk 0:13:53]}
17. Qd2 {[%clk 0:11:27]} Nb2 {[%clk 0:13:54]} 18. Bb3 {[%clk 0:10:37]} Nxd1
{[%clk 0:13:56]} 19. Rxd1 {[%clk 0:10:40]} Ne5 {[%clk 0:13:53]} 20. b5
{[%clk 0:09:39]} axb5 {[%clk 0:13:51]} 21. Nxb5 {[%clk 0:09:36]} Qxb5
{[%clk 0:13:50]} 22. a4 {[%clk 0:09:26]} Qc5 {[%clk 0:13:36]} 23. Ng3
{[%clk 0:08:45]} Nf3+ {[%clk 0:13:38]} 24. gxf3 {[%clk 0:08:31]} Qxg5
{[%clk 0:13:41]} 25. f4 {[%clk 0:08:03]} Qg4 {[%clk 0:13:42]} 26. Rc1
{[%clk 0:06:34]} Rad8 {[%clk 0:13:40]} 27. Qe1 {[%clk 0:06:31]} h5
{[%clk 0:13:41]} 28. Kh1 {[%clk 0:06:11]} h4 {[%clk 0:13:42]} 29. Ne2
{[%clk 0:05:56]} h3 {[%clk 0:13:45]} 30. Qf1 {[%clk 0:05:51]} Rd2
{[%clk 0:13:37]} 31. Nd4 {[%clk 0:05:26]} Bxd4 {[%clk 0:13:36]} 0-1

[Event "Portugal Open Semirrapidas"]
[Site "Lisboa POR"]
[Date "2020.02.02"]
[Round "1.27"]
[White "GAHAN, M G"]
[Black "AVELINO, Camila Biscaya"]
[Result "1-0"]
[BlackElo "1671"]
[WhiteElo "2292"]
[LiveChessVersion "1.4.8"]

1. e4 {[%clk 0:15:02]} e5 {[%clk 0:15:09]} 2. Nf3 {[%clk 0:15:05]} Nc6
{[%clk 0:15:12]} 3. Bc4 {[%clk 0:15:07]} Nf6 {[%clk 0:15:12]} 4. c3
{[%clk 0:15:07]} Bc5 {[%clk 0:14:45]} 5. d4 {[%clk 0:15:10]} exd4
{[%clk 0:14:49]} 6. cxd4 {[%clk 0:15:14]} Bb4+ {[%clk 0:14:52]} 7. Nc3
{[%clk 0:15:12]} Nxe4 {[%clk 0:14:27]} 8. O-O {[%clk 0:15:15]} Bxc3
{[%clk 0:13:45]} 9. d5 {[%clk 0:15:17]} O-O {[%clk 0:12:04]} 10. bxc3
{[%clk 0:15:09]} Na5 {[%clk 0:12:01]} 11. Bd3 {[%clk 0:15:09]} Nf6
{[%clk 0:10:51]} 12. Qa4 {[%clk 0:14:41]} c6 {[%clk 0:10:50]} 13. d6
{[%clk 0:14:32]} b5 {[%clk 0:10:22]} 14. Qh4 {[%clk 0:14:34]} Nb7
{[%clk 0:09:00]} 15. Bf4 {[%clk 0:14:26]} Nc5 {[%clk 0:08:44]} 16. Bc2
{[%clk 0:14:29]} Ne6 {[%clk 0:07:59]} 17. Be5 {[%clk 0:14:22]} h6
{[%clk 0:07:41]} 18. Rfe1 {[%clk 0:14:16]} Bb7 {[%clk 0:07:08]} 19. Qh3
{[%clk 0:14:07]} c5 {[%clk 0:06:49]} 20. Qf5 {[%clk 0:14:07]} 1-0

[Event "Portugal Open Semirrapidas"]
[Site "Lisboa POR"]
[Date "2020.02.02"]
[Round "1.28"]
[White "BATISTA, Sandro"]
[Black "SOUSA, André V"]
[Result "0-1"]
[BlackElo "2281"]
[WhiteElo "1665"]
[LiveChessVersion "1.4.8"]

1. e4 {[%clk 0:11:37]} e5 {[%clk 0:15:08]} 2. Nf3 {[%clk 0:11:35]} Nc6
{[%clk 0:15:12]} 3. Bc4 {[%clk 0:11:39]} Nf6 {[%clk 0:15:13]} 4. Ng5
{[%clk 0:11:43]} d5 {[%clk 0:15:16]} 5. exd5 {[%clk 0:11:47]} Na5
{[%clk 0:15:21]} 6. Bb5+ {[%clk 0:11:49]} c6 {[%clk 0:15:25]} 7. dxc6
{[%clk 0:11:53]} bxc6 {[%clk 0:15:29]} 8. Qf3 {[%clk 0:11:56]} Be7
{[%clk 0:15:30]} 9. Nc3 {[%clk 0:11:43]} O-O {[%clk 0:15:19]} 10. O-O
{[%clk 0:11:46]} Bg4 {[%clk 0:15:19]} 11. Qe3 {[%clk 0:11:14]} cxb5
{[%clk 0:15:22]} 12. h3 {[%clk 0:11:05]} Bf5 {[%clk 0:15:19]} 13. Qxe5
{[%clk 0:10:59]} Bxc2 {[%clk 0:15:21]} 14. Re1 {[%clk 0:10:58]} Re8
{[%clk 0:15:11]} 15. Nf3 {[%clk 0:10:37]} b4 {[%clk 0:15:04]} 16. Ne2
{[%clk 0:10:23]} Bd6 {[%clk 0:15:00]} 17. Qg5 {[%clk 0:10:12]} h6
{[%clk 0:14:47]} 18. Qh4 {[%clk 0:10:12]} Re4 {[%clk 0:14:48]} 0-1

[Event "Portugal Open Semirrapidas"]
[Site "Lisboa POR"]
[Date "2020.02.02"]
[Round "1.29"]
[White "BABA, Masahiro"]
[Black "LÚCIO, Jorge"]
[Result "1-0"]
[BlackElo "1632"]
[WhiteElo "2274"]
[LiveChessVersion "1.4.8"]

1. e4 {[%clk 0:15:07]} e5 {[%clk 0:15:08]} 2. Nf3 {[%clk 0:15:11]} Nc6
{[%clk 0:15:11]} 3. Bb5 {[%clk 0:15:14]} a6 {[%clk 0:15:14]} 4. Ba4
{[%clk 0:15:17]} Nf6 {[%clk 0:15:17]} 5. O-O {[%clk 0:15:20]} Be7
{[%clk 0:15:20]} 6. Re1 {[%clk 0:15:23]} b5 {[%clk 0:15:23]} 7. Bb3
{[%clk 0:15:27]} d6 {[%clk 0:15:21]} 8. c3 {[%clk 0:15:30]} O-O {[%clk 0:15:23]}
9. h3 {[%clk 0:15:34]} Nb8 {[%clk 0:15:21]} 10. d4 {[%clk 0:15:37]} Nbd7
{[%clk 0:15:21]} 11. Nbd2 {[%clk 0:15:41]} c5 {[%clk 0:15:16]} 12. d5
{[%clk 0:15:38]} c4 {[%clk 0:14:45]} 13. Bc2 {[%clk 0:15:42]} Nc5
{[%clk 0:14:48]} 14. b4 {[%clk 0:15:26]} Ncd7 {[%clk 0:14:20]} 15. a4
{[%clk 0:15:27]} Bb7 {[%clk 0:14:23]} 16. Nf1 {[%clk 0:15:17]} Re8
{[%clk 0:14:17]} 17. Ng3 {[%clk 0:15:20]} g6 {[%clk 0:14:18]} 18. Be3
{[%clk 0:14:42]} Bf8 {[%clk 0:14:08]} 19. Qd2 {[%clk 0:14:41]} Qc7
{[%clk 0:13:31]} 20. Nh2 {[%clk 0:14:03]} Reb8 {[%clk 0:13:01]} 21. a5
{[%clk 0:13:26]} Qd8 {[%clk 0:12:40]} 22. Rf1 {[%clk 0:13:27]} Bg7
{[%clk 0:12:13]} 23. Rae1 {[%clk 0:13:24]} Qf8 {[%clk 0:11:55]} 24. f4
{[%clk 0:13:09]} Re8 {[%clk 0:11:44]} 25. Nf3 {[%clk 0:13:02]} Rad8
{[%clk 0:10:58]} 26. fxe5 {[%clk 0:12:25]} Nxe5 {[%clk 0:10:55]} 27. Nxe5
{[%clk 0:12:25]} Rxe5 {[%clk 0:10:46]} 28. Bd4 {[%clk 0:12:19]} Nd7
{[%clk 0:10:18]} 29. Bxe5 {[%clk 0:12:08]} Nxe5 {[%clk 0:10:18]} 30. Ne2
{[%clk 0:11:35]} Bc8 {[%clk 0:10:01]} 31. Nd4 {[%clk 0:11:30]} Bd7
{[%clk 0:09:52]} 32. Ne6 {[%clk 0:11:10]} Bxe6 {[%clk 0:08:20]} 33. dxe6
{[%clk 0:11:13]} f6 {[%clk 0:08:23]} 34. Qd5 {[%clk 0:10:21]} Qe7
{[%clk 0:08:21]} 35. Re2 {[%clk 0:09:38]} Re8 {[%clk 0:07:58]} 36. Rd1
{[%clk 0:09:30]} Rd8 {[%clk 0:07:57]} 37. Kh1 {[%clk 0:09:34]} Bf8
{[%clk 0:07:53]} 38. Rf2 {[%clk 0:09:28]} Bg7 {[%clk 0:07:47]} 39. Qd4
{[%clk 0:08:11]} Qxe6 {[%clk 0:07:04]} 40. Qb6 {[%clk 0:08:14]} Qc8
{[%clk 0:06:45]} 41. Rxd6 {[%clk 0:08:05]} Rxd6 {[%clk 0:06:35]} 42. Qxd6
{[%clk 0:08:08]} Nf7 {[%clk 0:06:31]} 43. Qd5 {[%clk 0:08:08]} Kh8
{[%clk 0:05:06]} 44. Qxf7 {[%clk 0:08:11]} 1-0